Fr. Conceicao Rodrigues College of Engineering

Artificial intelligence (Record no. 27633)

MARC details
000 -LEADER
fixed length control field 00341nam a2200157Ia 4500
082 ## - DEWEY DECIMAL CLASSIFICATION NUMBER
Classification number 6.3
Item number KAU
100 ## - MAIN ENTRY--PERSONAL NAME
Personal name Kaushik/Saraj
245 ## - TITLE STATEMENT
Title Artificial intelligence
260 ## - PUBLICATION, DISTRIBUTION, ETC.
Name of publisher, distributor, etc. Cengage Learning
Date of publication, distribution, etc. 2011
366 ## - TRADE AVAILABILITY INFORMATION
Publishers's discount category 27
300 ## - PHYSICAL DESCRIPTION
Extent 645
546 ## - LANGUAGE NOTE
Language note ENGLISH
-- Computers
650 ## - SUBJECT ADDED ENTRY--TOPICAL TERM
Topical term or geographic name entry element Artificial Intelligence
942 ## - ADDED ENTRY ELEMENTS (KOHA)
Koha item type BOOK
Holdings
Withdrawn status Lost status Damaged status Not for loan Collection Home library Current library Date acquired Source of acquisition Cost, normal purchase price Inventory number Total Checkouts Total Renewals Full call number Barcode Date last seen Date last checked out Cost, replacement price Price effective from Koha item type Date due
        CRC Fr. Agnel's C.Rodrigues College of Engineering AGNEL TECHNICAL COLLEGE LIBRARY 17/03/2023 Allied Publishers 317.55 313 dt 02.06.2015 5 1 6.3 KAU 23649 21/08/2025 31/07/2025 435.00   BOOK  
        CRC Fr. Agnel's C.Rodrigues College of Engineering AGNEL TECHNICAL COLLEGE LIBRARY 17/03/2023 Allied Publishers 317.55 313 dt 02.06.2015 3   6.3 KAU 23651 09/05/2025 07/01/2025 435.00   BOOK  
        CRC Fr. Agnel's C.Rodrigues College of Engineering AGNEL TECHNICAL COLLEGE LIBRARY 17/03/2023 Allied Publishers 317.55 313 dt 02.06.2015 3   6.3 KAU 23652 30/09/2025 30/09/2025 435.00   BOOK 10/10/2025
        CRC Fr. Agnel's C.Rodrigues College of Engineering Fr. Agnel's C.Rodrigues College of Engineering 17/03/2023 Allied Publishers 317.55 313 dt 02.06.2015 1   6.3 KAU 23650 02/04/2024 02/04/2024 435.00   BOOK 01/07/2024
        CRC Fr. Agnel's C.Rodrigues College of Engineering Fr. Agnel's C.Rodrigues College of Engineering 17/03/2023 Allied Publishers 317.55 313 dt 02.06.2015     6.3 KAU 23653 17/03/2023   435.00   BOOK